Antología
保存先:
| 第一著者: | |
|---|---|
| フォーマット: | 図書 |
| 言語: | スペイン語 |
| 出版事項: |
Santiago
Andrés Bello
1970
|
| 主題: | |
| タグ: |
タグ追加
タグなし, このレコードへの初めてのタグを付けませんか!
|
MARC
| LEADER | 00000cam a2200000 a 4500 | ||
|---|---|---|---|
| 001 | UCR1398 | ||
| 003 | CL-VaPUC | ||
| 008 | 971219e19700000CL |||||||||||||||||spa|d | ||
| 082 | 0 | 4 | |a 320.4 |b HEN |2 21 |
| 100 | |a Henríquez, Camilo |e author |9 337912 | ||
| 245 | 1 | 0 | |a Antología |
| 300 | |a 257 p | ||
| 942 | |c BK | ||
| 945 | |d 19971219 00:00:00 |a cmena | ||
| 260 | |a Santiago |b Andrés Bello |c 1970 | ||
| 650 | 0 | |a Derecho público |9 255910 | |
| 650 | 0 | |a Estado |9 255503 | |
| 650 | 0 | |a Responsabilidad del estado |9 258115 | |
| 650 | 0 | |a Sector público |9 349431 | |
| 650 | 0 | |a Derecho civil |9 255013 | |
| 583 | |a last modification |c 20130402 01:34:32 |k Rodrigo Vera | ||
| 999 | |c 264800 |d 264798 | ||
| 952 | |0 0 |1 0 |4 0 |6 320_400000000000000_HEN_1970 |7 0 |8 DER_HDC |9 295298 |a BIBDER |b BIBDER |d 2019-11-19 |i 1922408 |o 320.4 HEN 1970 |p 1922408 |r 2023-01-25 |w 2019-11-19 |x Ubicación 4to Piso |y BK |z Estos recursos deben solicitarse con anticipación |k DER | ||
| 952 | |0 0 |1 0 |4 0 |6 320_400000000000000_HEN_1970 |7 0 |8 P |9 295299 |a BIBEDU |b BIBEDU |c BIBEDU_PB |d 2019-11-19 |i 1447025 |o 320.4 HEN 1970 |p 1447025 |r 2024-01-25 |w 2019-11-19 |y BK |k LIT | ||
| 952 | |0 0 |1 0 |4 0 |6 320_400000000000000_HEN_1970 |7 0 |8 A |9 295300 |a BIBHIS |b BIBHIS |d 2019-11-19 |i 4416783 |o 320.4 HEN 1970 |p 4416783 |r 2025-01-20 |w 2019-11-19 |y BK |k HIS | ||
| 952 | |0 0 |1 0 |4 0 |6 320_400000000000000_HEN_1970 |7 0 |8 A |9 295301 |a BIBHIS |b BIBHIS |d 2019-11-19 |i 4960564 |o 320.4 HEN 1970 |p 4960564 |r 2025-01-20 |w 2019-11-19 |y BK |k HIS | ||